000 00457nam a2200181Ia 4500
001 9045
005 20260306160654.0
008 260306t2023||||xx |||||||||||||| ||spa||
041 _aESP
082 _a372.4
_bL587
100 _aLuri, Gregorio,
_eAUT
245 0 _aSobre el arte de leer :
_b10 tesis sobre la educación y la lectura
260 _c2023
300 _a142 páginas :
_c20 cm.
650 _aGEN
654 _aCED
942 _cLIB
_dJUS
_fJUS
_2ddc
_n
999 _c9045
_d9045